| 000 | 01138cam a2200349 a 4500 | ||
|---|---|---|---|
| 001 | 1674048 | ||
| 003 | OSt | ||
| 005 | 20220112152335.0 | ||
| 008 | 980513s1999 inua 001 0 eng d | ||
| 010 | _a 98085904 ; | ||
| 020 |
_a1571691618 (pbk.) : _c$29.99 |
||
| 035 | _a(OCoLC)40176256 | ||
| 038 | _akhadija | ||
| 040 |
_aWaSKC _cWaSKC _dDLC |
||
| 042 | _alccopycat | ||
| 050 | 0 | 0 |
_aQA76.73.C15 _bP743 1999 |
| 082 | 0 | 0 |
_a005.133 _221 _bPRA |
| 100 | 1 |
_aPrata, Stephen. _988332 |
|
| 245 | 1 | 4 |
_aThe Waite Group's C Primer Plus / _cStephen Prata. |
| 250 | _a3rd ed. | ||
| 260 |
_aIndianapolis, Ind., USA : _bH.W. Sams, _cc1999. |
||
| 300 |
_axvii, 820 p. : _bill. ; _c23 cm. |
||
| 500 | _aIncludes index. | ||
| 563 | _aHB | ||
| 650 | 0 |
_aC (Computer program language) _91226 |
|
| 710 | 2 |
_aWaite Group. _914012 |
|
| 906 |
_a7 _bcbc _ccopycat _d2 _eopcn _f19 _gy-gencatlg |
||
| 942 |
_2ddc _cBK |
||
| 999 |
_c31714 _d31714 |
||